00218nam a2200097Ia 4500008004100000100001400041245001900055250001300074260002500087300000800112191201s2011 xx 000 0 und d aARORA, CP 0aThermodynamics a22th Rep c2011bTMHaNEW DELHI a762